| 000 | 00492nam a2200121Ia 4500 | ||
|---|---|---|---|
| 008 | 171212s9999 xx 000 0 und d | ||
| 020 | _a9781921536526 | ||
| 245 |
_ceditor Merlan, Francesca;Raftery, David _aTracking Rural Change _bCommunity, Policy and Technology in Australia, New Zealand and Europe |
||
| 260 |
_bANU E Press _c2009 |
||
| 650 | _aSociology | ||
| 650 | _aSociology, Rural; Rural development; Social policy; Rural conditions | ||
| 856 | _uwww.jstor.org/stable/10.2307/j.ctt24h9j3 | ||
| 999 |
_c351402 _d351402 |
||